| 000 | 00960nam a22002897a 4500 | ||
|---|---|---|---|
| 003 | CHAP | ||
| 005 | 20220329135458.0 | ||
| 008 | 971013s1983 r 00010 d | ||
| 010 | _a37234 | ||
| 011 | _a38206 | ||
| 035 | _a42326 | ||
| 040 | _cCHAP | ||
| 090 | _aFolleto 7767 (1982-83) | ||
| 110 |
_aMéxico. Dirección General de Economía Agrícola _976976 |
||
| 245 |
_aPrograma siembra-exportación de pimienta gorda _b: temporada 1982-83 |
||
| 260 |
_aMéxico, D.F. : _bLa Dirección, _c(1983) |
||
| 300 | _a11 p | ||
| 590 |
_aBATCH-UPD _b10 _c20130110 _lUCH01 _h0007 |
||
| 590 |
_aBATCH-UPD _b10 _c20130110 _lUCH01 _h2256 |
||
| 590 |
_aCONVERSION _b10 _c20130109 _lUCH01 _h1321 |
||
| 650 | 1 | 4 |
_aPimienta _xFechas de siembra. _988107 |
| 650 | 1 | 4 |
_aPimienta _xMercadeo. _988109 |
| 901 | _aBK | ||
| 942 | _cFOLL | ||
| 949 |
_aFolleto 7767 (1982-83) _bBC _cFOLL _d-97474 _eTS1 _i42326 _si |
||
| 949 |
_aFolleto 7767 (1982-83) _bBC _cFOLL _d-97475 _eTS2 _fc.2 _i42326 _si |
||
| 999 |
_c37234 _d37234 |
||